| 000 | 00623nam a2200205 u 4500 | ||
|---|---|---|---|
| 005 | 20210223132517.0 | ||
| 008 | 141124s2013 es r 000 0 spa d | ||
| 020 | _a9682324793 | ||
| 035 | _aUPN01000200855 | ||
| 049 | _aI | ||
| 050 | 4 |
_aPZ74.1 _bL3.3a |
|
| 100 | 1 |
_aLabastida, Jaime, _d1939- _928849 |
|
| 245 | 1 | 4 |
_aLos cinco soles / _cJaime Labastida ; il. Felipe de la Torre. |
| 260 |
_aMéxico : _bSiglo XXI, _c2013. |
||
| 300 |
_a[45] p. : _bil. col. |
||
| 650 | 4 |
_aLEYENDAS MEXICANAS - _vLITERATURA INFANTIL _922017 |
|
| 650 | 4 |
_aMITOLOGIA - _vLITERATURA INFANTIL _919853 |
|
| 905 | _aInfantil | ||
| 999 |
_c172956 _d172956 |
||